The Home Information Pack Regulations 2006 (Draft) (Record no. 104783)
[ view plain ]
| 000 -LEADER | |
|---|---|
| fixed length control field | 01477cam a2200229 4500 |
| 001 - CONTROL NUMBER | |
| control field | ##L131567 |
| 008 - FIXED-LENGTH DATA ELEMENTS--GENERAL INFORMATION | |
| fixed length control field | 051116n2005 000 0 eng u |
| 035 ## - SYSTEM CONTROL NUMBER | |
| System control number | (Sirsi) u131567 |
| 041 0# - LANGUAGE CODE | |
| Language code of text/sound track or separate title | eng |
| 050 04 - LIBRARY OF CONGRESS CALL NUMBER | |
| Classification number | 333.333 $2 18 |
| 110 1# - MAIN ENTRY--CORPORATE NAME | |
| Corporate name or jurisdiction name as entry element | United Kingdom |
| Subordinate unit | Office of the Deputy Prime Minister |
| 245 04 - TITLE STATEMENT | |
| Title | The Home Information Pack Regulations 2006 (Draft) |
| 260 ## - PUBLICATION, DISTRIBUTION, ETC. | |
| Place of publication, distribution, etc. | London |
| Name of publisher, distributor, etc. | ODPM |
| Date of publication, distribution, etc. | 2005 |
| 520 ## - SUMMARY, ETC. | |
| Summary, etc. | The draft regulations deal with the meaning of home information packs (HIPs), the contents of the packs, the forms for providing HIP information, the assembly and authenticity of HIPs, the exceptions to the duty to have a HIP and the enforcement of HIP duties. The draft regulations should be considered alongside the "Home Information Pack Regulations 2006: procedural guidance". The regulations are being published in draft to provide an opportunity for comments on the drafting, accuracy and practical applications of the provisions. Responses are required by 30 December 2005. |
| 590 ## - LOCAL NOTE (RLIN) | |
| Local note | IKA221105 |
| 650 24 - SUBJECT ADDED ENTRY--TOPICAL TERM | |
| Topical term or geographic name entry element | HOUSING ACT 2004 |
| 650 24 - SUBJECT ADDED ENTRY--TOPICAL TERM | |
| Topical term or geographic name entry element | HOME INFORMATION PACK REGULATIONS 2006 |
| 650 ## - SUBJECT ADDED ENTRY--TOPICAL TERM | |
| Topical term or geographic name entry element | HOUSING ACT 2004 PART V |
| 690 ## - LOCAL SUBJECT ADDED ENTRY--TOPICAL TERM (OCLC, RLIN) | |
| Topical term or geographic name as entry element | PROPERTY-RESIDENTIAL PROPERTY-ACQUISITION AND DISPOSAL OF RESIDENTIAL PROPERTY-HOME BUYING REFORM |
| 856 40 - ELECTRONIC LOCATION AND ACCESS | |
| Uniform Resource Identifier | <a href="https://www.hipsdirect.com/pdf/DraftHomeInformationPackRegulations2006DraftProceduralGuidance.pdf">https://www.hipsdirect.com/pdf/DraftHomeInformationPackRegulations2006DraftProceduralGuidance.pdf</a> |
| Public note | View the draft regulations and the procedural guidance free of charge at www.hipsdirect.com... |
| 942 ## - ADDED ENTRY ELEMENTS (KOHA) | |
| Suppress in OPAC | 0 |
| Withdrawn status | Lost status | Source of classification or shelving scheme | Damaged status | Not for loan | Home library | Current library | Shelving location | Date acquired | Total Checkouts | Full call number | Barcode | Date last seen | Copy number | Price effective from | Koha item type |
|---|---|---|---|---|---|---|---|---|---|---|---|---|---|---|---|
| Dewey Decimal Classification | Virtual | Virtual | Online | 16/11/2005 | ONLINE PUBLICATION | 131567-2001 | 06/08/2019 | 1 | 06/08/2019 | Book |